000 00385nam a2200169Ia 4500
005 20250423101003.0
008 250422s9999 xx 000 0 und d
020 _a1- 57566- 188- 8
050 _aPS 3551 .L39227 S7/
100 _aAllen, Garrison
245 0 _aStable cat
260 _aNew York
260 _bKensington Books
260 _c1996
300 _a292 p
942 _cBK
999 _c34943
_d34943